|
|
|
|
| LEADER |
00000nab a2200000 ar4500 |
| 001 |
vtls009323619 |
| 003 |
SK-MaSNL |
| 005 |
20260304212751.0 |
| 008 |
080819|1977 xo |||||||||||||| b|slo |
| 015 |
|
|
|a SNBRA2008/08
|2 snkbucl
|
| 038 |
|
|
|a SNKBUCL
|
| 040 |
|
|
|a SNKBUCL
|b slo
|e AACR2
|c SNKBUCL
|
| 041 |
0 |
|
|a slo
|
| 044 |
|
|
|a xo
|c SK
|
| 080 |
|
|
|a 502.21(1-751.2)
|x (437.6)
|2 2001
|
| 080 |
|
|
|a 582
|x (437.6)
|2 2001
|
| 080 |
|
|
|a 630
|x (437.6)
|2 2001
|
| 100 |
1 |
|
|a Radúch, Jozef,
|d 1945-
|4 aut
|9 175595
|
| 245 |
1 |
0 |
|a Zborník prác o Tatranskom národnom parku 17
|c Jozef Radúch
|
| 500 |
|
|
|a Recenzovaný zborník zostavili Miroslav Strňka a Aladár Marček
|
| 650 |
0 |
7 |
|a rastliny
|2 snkbucl
|9 690
|
| 650 |
0 |
7 |
|a lesné hospodárstvo
|2 snkbucl
|9 1256
|
| 650 |
0 |
7 |
|a národné parky
|2 snkbucl
|9 3797
|
| 650 |
0 |
7 |
|a zborníky
|2 snkbucl
|9 108488
|
| 651 |
|
7 |
|a Tatranský národný park (Slovensko)
|2 SNKPHgeo
|9 106968
|
| 651 |
|
7 |
|a Tatry (Slovensko : región)
|2 snkbucl
|9 59212
|
| 655 |
|
7 |
|a recenzie
|2 snkbucl
|9 21907
|
| 773 |
0 |
|
|t Liptov 4
|d Ružomberok : Liptovské múzeum, 1977
|g S. 323-324
|
| 787 |
0 |
8 |
|i Rec.:
|t Zborník prác o Tatranskom národnom parku 17/1975
|d Martin : Osveta, 1975
|
| 852 |
|
|
|a SNK
|b KIS3GCP
|
| 958 |
|
|
|a RC
|
| 999 |
|
|
|c 3132939
|d 3134869
|